| 000 | 00515nam a2200193Ia 4500 | ||
|---|---|---|---|
| 003 | OSt | ||
| 005 | 20250527101917.0 | ||
| 008 | 210210b1981 xxu||||| |||| 00| 0 eng d | ||
| 040 | _cAL | ||
| 041 | _aKannada | ||
| 082 | _aK894.3 VANJ | ||
| 100 |
_aVANAJAKSHI (M K). _dವನಜಾಕ್ಷಿ (ಎಂ ಕೆ) _9211188 |
||
| 245 |
_aJenu suji _bಜೇನು ಸೂಜಿ |
||
| 260 |
_aMaisuru _bPustaka Chilume _c1981 |
||
| 300 | _a223 | ||
| 690 |
_aKannada Fiction _9211189 |
||
| 906 | _a036075 | ||
| 942 |
_2ddc _cBK |
||
| 999 |
_c86287 _d86287 |
||